MARC

LEADER 00000nam0a2200000 4500
001 361407
005 20250211063217.0
035 |a (RuTPU)RU\TPU\retro\18733 
035 |a RU\TPU\retro\18731 
090 |a 361407 
100 |a 20210604d1976 k y0rusy5003 ca 
101 0 |a rus 
102 |a RU 
105 |a y z 001zy 
200 1 |a Криогенная техника  |e [тематический сборник]  |f Московский энергетический институт ; под ред. Ю. И. Крохина 
210 |a Москва  |c Изд-во МЭИ  |d 1976 
215 |a 124 с.  |c табл., ил. 
225 1 |a Труды Московского энергетического института (МЭИ)  |v Вып. 310 
320 |a Библиогр. в конце ст. 
500 1 0 |a Труды Московского энергетического института  |9 88841 
606 1 |a Техника низких температур  |2 stltpush  |3 (RuTPU)RU\TPU\subj\60033  |9 77523 
610 1 |a вынужденная конвекция 
610 1 |a кипение 
610 1 |a гелий -1 
610 1 |a азот 
610 1 |a капиллярно-пористые тела 
610 1 |a криогенные жидкости 
610 1 |a пленочное кипение 
610 1 |a теплообменные процессы 
610 1 |a критические величины 
610 1 |a низкое давление 
610 1 |a погрешностный анализ 
610 1 |a переконденсация 
610 1 |a криогенная техника 
675 |a 621.59  |v 3 
702 1 |a Крохин  |b Ю. И.  |4 340 
712 0 2 |a Московский энергетический институт  |c (1930-1992)  |3 (RuTPU)RU\TPU\col\20092  |9 27693 
801 0 |a RU  |b 63413507  |c 19950704  |g psbo 
801 1 |a RU  |b 63413507  |c 20060118  |g PSBO 
801 2 |a RU  |b 63413507  |c 20220211  |g PSBO 
942 |c BK